000 01838nam a2200277Ia 4500
999 _c55951
_d55951
001 23050
003 GE_BSU
005 20230630152135.0
008 181216s1973||||ge |||||||||||||| ||geo||
040 _cGE_BSU
041 _ageo
080 _a821.14'01.09(075.8) ყ-36
100 _aყაუხჩიშვილი, სიმონ
_91490
245 _aბერძნული ლიტერატურის ისტორია : ტ. 3. ბიზანტიური პერიოდის ლიტერატურა :
_bსახელმძღვნელო უმაღლ. სასწავლებლების ფილოლოგიის ფაკ-ტის სტუდენტთათვის /
_cსიმონ ყაუხჩიშვილი ; რედ. მ. მენთეშაშვილი.
250 _aმე-2 შევსებული გამოცემა
264 _aთბილისი :
_bგანათლება,
_c1973.
300 _a343 გვ.
_bილ. ;
_c26 სმ.
500 _aსაკუთარ სახელთა და ტერმინთა საძიებელი : გვ. 321-341
541 _h2ლ.98თ
653 _aბერძნული ლიტერატურა
653 _aბერძნული ლიტერატურის ისტორია -- სახელმძღვანელოები უმაღლესი სასწავლებლებისათვის
653 _aბერძნული ლიტერატურის ისტორია
653 _aტ. 3. ბიზანტიური პერიოდის ლიტერატურა
700 _aმენთეშაშვილი, მ.
_eრედაქტორი
_98263
942 _cBK
_2udc